Normal view MARC view

Entry Personal Name

Number of records used in: 1

001 - CONTROL NUMBER

  • control field: 158872

003 - CONTROL NUMBER IDENTIFIER

  • control field: OSt

005 - DATE AND TIME OF LATEST TRANSACTION

  • control field: 20220923211145.0

008 - FIXED-LENGTH DATA ELEMENTS

  • fixed length control field: 220923|| aca||aabn | a|a d

040 ## - CATALOGING SOURCE

  • Original cataloging agency: OSt
  • Transcribing agency: OSt

100 ## - HEADING--PERSONAL NAME

  • Personal name: ग्रोवर, शन्नो

670 ## - SOURCE DATA FOUND

  • Source citation: Work cat.: (OSt)296078: ग्रोवर, शन्नो, वोपदेव का संस्कृत व्याकरण को योगदान, 1997
Copyright @ Delhi University Library System